It's all Chinese to me - Sudden Death - Statistics

General Stats
  • This quiz has been taken 288 times
  • The average score is 5 of 14
Answers on the Grid
Answers color-coded by a green-red scale on the quiz's grid according to % correct below.
 
Answer Stats
Answer % Correct
Xi Jinping
70%
Mao Zedong
65%
Jackie Chan
61%
Bruce Lee
55%
Confucius
50%
Jack Ma
48%
Chiang Kai-shek
32%
Deng Xiaoping
31%
Cho Chang
27%
Tchang Tchong-Jen
24%
Ang Lee
18%
Marinette Dupain-Cheng
15%
Amy Wong
13%
Bun Hay Mean (Chinois Marrant)
13%
No matching quizzes found
Score Distribution
Percent of People with Each Score
Percentile by Number Answered
Your Score History
You have not taken this quiz